|
|
|
|
| LEADER |
01305nam a2200277 a 4500 |
| 001 |
26054 |
| 003 |
BD-DhAAL |
| 008 |
121001r2011 ii a 001 0 eng d |
| 020 |
|
|
|a 8187134801
|
| 040 |
|
|
|a BD-DhAAL
|c BD-DhAAL
|
| 082 |
0 |
0 |
|a 572
|
| 100 |
1 |
|
|a Satyanarayana, U.
|9 56854
|
| 245 |
1 |
0 |
|a Biochemistry /
|c U. Satyanarayana and U. Chakrapani.
|
| 250 |
|
|
|a Third edition.
|
| 264 |
|
|
|a Kolkata :
|b Books and Allied,
|c 2011 [reprinted]
|
| 300 |
|
|
|a iv, 792 pages :
|b color illustrations ;
|c 25 cm.
|
| 500 |
|
|
|a Includes index.
|
| 541 |
|
|
|a 26054
|
| 650 |
|
0 |
|a Biochemistry.
|
| 700 |
|
0 |
|a Chakrapani, U.
|9 56855
|
| 852 |
1 |
|
|a Ayesha Abed Library
|c General Stacks
|
| 942 |
0 |
0 |
|0 4
|2 ddc
|c BK
|
| 999 |
|
|
|c 12869
|d 12869
|
| 952 |
|
|
|0 0
|1 0
|4 0
|6 572_000000000000000_SAT
|7 0
|9 21189
|a BRACUL
|b BRACUL
|c GEN
|d 2012-10-01
|e Parash Publishers
|g 1243.00
|l 33
|m 201
|o 572 SAT
|p 3010026054
|q 2026-05-21
|r 2025-10-16
|s 2025-10-16
|t 1
|w 2012-10-01
|y BK
|
| 952 |
|
|
|0 0
|1 0
|2 ddc
|4 0
|6 572_000000000000000_SAT
|7 0
|9 21190
|a BRACUL
|b BRACUL
|c GEN
|d 2012-10-01
|e Parash Publishers
|g 1243.00
|l 26
|m 216
|o 572 SAT
|p 3010026055
|r 2025-07-07
|s 2025-06-30
|t 1
|w 2012-10-01
|y BK
|
| 952 |
|
|
|0 0
|1 0
|4 0
|6 572_000000000000000_SAT
|7 0
|9 21191
|a BRACUL
|b BRACUL
|c GEN
|d 2012-10-01
|e Parash Publishers
|g 1243.00
|l 26
|m 131
|o 572 SAT
|p 3010026056
|q 2026-05-14
|r 2024-09-15
|s 2024-09-15
|t 1
|w 2012-10-01
|y BK
|